00934nam a2200157Ia 4500008004100000020001500041050002300056100003500079245012000114260005100234300003500285500005000320505034000370650003200710700003400742120622s2000 sp 000 0 spa d a8441509433 aTK5101 bP370 2000 aPeña Tresancos, Jaimeeautor aGuías visual de diseño de páginas Webc/ Jaime, Peña Tresancos: Ma. del Carmen Vidalb: Edición especial  aEspañab: Ediciones Anaya Multimediac, 2000 a190 páginasb: ilustraciones aIncluye: Indice de contenidos, Introducción aPáginas web Editores HTML Textos, formato y color de textos Formato de párrafo y de página Elementos gráficos Herramientas para procesar imágenes Tablas y listas Hiperenlaces y mapas de imagen Publicación de documentos en la web Multimedia, Java y Activex Formularios. Páginas dinámicas con Script  0aCREACIÓN DE PÁGINAS WEB aVidal, Ma. del Carmen eautor